Tafseer-E-Kitab-E-Aamal. (Record no. 5368)
[ view plain ]
| 000 -LEADER | |
|---|---|
| fixed length control field | 00575nam a2200241 a 4500 |
| 020 ## - INTERNATIONAL STANDARD BOOK NUMBER | |
| ISBN | |
| 082 00 - DEWEY DECIMAL CLASSIFICATION NUMBER | |
| Classification number | 226.6 |
| Author Cutter | IMA |
| 100 ## - MAIN ENTRY--AUTHOR NAME | |
| Author name | Imaduddin, P |
| 245 ## - TITLE STATEMENT | |
| Title | Tafseer-E-Kitab-E-Aamal. |
| 260 ## - PUBLICATION, DISTRIBUTION, ETC. (IMPRINT) | |
| Place of publication | Ludhiyana |
| Name of publisher | American Mission Press |
| Year of publication | 1879 |
| 300 ## - PHYSICAL DESCRIPTION | |
| Number of Pages | 636p |
| 500 ## - GENERAL NOTE | |
| General note | includes index and biblioraphy |
| 505 2# - FORMATTED CONTENTS NOTE | |
| Formatted contents note | Reserve copies |
| 650 ## - SUBJECT ADDED ENTRY--TOPICAL TERM | |
| Topical Term | Bible-Acts |
| 942 ## - ADDED ENTRY ELEMENTS (KOHA) | |
| Koha item type | |
| 700 1# - | |
| -- | Imaduddin, P |
| Home library | Current library | Date acquired | Cost, normal purchase price | Full call number | Accession Number | Koha item type |
|---|---|---|---|---|---|---|
| Henry Martyn Institute Library | Henry Martyn Institute Library | 06/20/2007 | 100.00 | 226.6 IMA | 5217 | Archive Book |
